00561nam a22001817a 4500010001500000020002600015020002300041035001300064037001300077082000600090100002400096245008000120260004600200270006600246300002700312490002000339700002000359 aENG-112108 a9780199454129c375.00 a0199454124c375.00 aEN-95640 bDBAD/PUB aN aRamamirtham, La.Sa. aApeetha /cby La.Sa. Ramamirtham ; translated from Tamil by Padma Narayanan aNew DelhibOxford University Press c2015 aYMCA Library Building, 1, Jai Singh Road, bNew Delhie110001 axxxvi,141p.c18cm(pbk) aOxford novellas aNarayanan,Padma